000 00679nam a22001577a 4500
005 20251108164256.0
008 250721s1985 xx 000 0 ara d
082 1 4 _a352/خال
100 1 _aالزعبي، خالد سماره
245 1 0 _aالتمويل المحلي للوحدات الإدارية المحلية :
_bدراسة مقارنة المملكة المتحدة - فرنسا - يوغسلافيا - مصر - الأردن /
264 1 _aعمان :
_bالمنظمة العربية للعلوم الإدارية - إدارة البحوث و الدراسات،
_c1985.
300 _a58ص
650 1 7 _aالإدارة المحلية
942 _2ddc
_cBK
999 _c8109
_d8109